<?xml version="1.0" encoding="UTF-8"?>
<record
    xmlns:xsi="http://www.w3.org/2001/XMLSchema-instance"
    xsi:schemaLocation="http://www.loc.gov/MARC21/slim http://www.loc.gov/standards/marcxml/schema/MARC21slim.xsd"
    xmlns="http://www.loc.gov/MARC21/slim">

  <leader>00460nam a2200169Ia 4500</leader>
  <controlfield tag="008">230718s9999    xx            000 0 und d</controlfield>
  <datafield tag="020" ind1=" " ind2=" ">
    <subfield code="a">9789353450823</subfield>
  </datafield>
  <datafield tag="041" ind1=" " ind2=" ">
    <subfield code="a">eng</subfield>
  </datafield>
  <datafield tag="082" ind1=" " ind2=" ">
    <subfield code="a">347.5409</subfield>
    <subfield code="b">CHA</subfield>
  </datafield>
  <datafield tag="100" ind1=" " ind2=" ">
    <subfield code="a">Chandrachud C.</subfield>
    <subfield code="9">202047</subfield>
  </datafield>
  <datafield tag="245" ind1=" " ind2=" ">
    <subfield code="a">The Cases That India Forgot</subfield>
  </datafield>
  <datafield tag="260" ind1=" " ind2=" ">
    <subfield code="c">2019</subfield>
    <subfield code="b">Juggernaut</subfield>
  </datafield>
  <datafield tag="300" ind1=" " ind2=" ">
    <subfield code="a">229</subfield>
  </datafield>
  <datafield tag="365" ind1=" " ind2=" ">
    <subfield code="c">Rs.</subfield>
    <subfield code="b">599.00</subfield>
  </datafield>
  <datafield tag="700" ind1=" " ind2=" ">
    <subfield code="a">Chandrachud C.</subfield>
    <subfield code="9">202047</subfield>
  </datafield>
  <datafield tag="906" ind1=" " ind2=" ">
    <subfield code="d">O:0706418-Feb-2020B:566003-Feb-2020</subfield>
    <subfield code="c">GENRL</subfield>
    <subfield code="b">149.75</subfield>
  </datafield>
  <datafield tag="999" ind1=" " ind2=" ">
    <subfield code="c">351291</subfield>
    <subfield code="d">351291</subfield>
  </datafield>
  <datafield tag="952" ind1=" " ind2=" ">
    <subfield code="0">0</subfield>
    <subfield code="1">0</subfield>
    <subfield code="4">0</subfield>
    <subfield code="7">0</subfield>
    <subfield code="a">CCEP</subfield>
    <subfield code="b">CCEP</subfield>
    <subfield code="d">2020-02-18</subfield>
    <subfield code="e">Technical Book Services</subfield>
    <subfield code="f">GENRL</subfield>
    <subfield code="g">449.25</subfield>
    <subfield code="i">5660</subfield>
    <subfield code="l">1</subfield>
    <subfield code="o">347.5409</subfield>
    <subfield code="p">CCEP-BK-62502</subfield>
    <subfield code="r">2024-01-24 00:00:00</subfield>
    <subfield code="s">2024-01-08</subfield>
    <subfield code="t">149.75</subfield>
    <subfield code="v">599.00</subfield>
    <subfield code="w">2020-02-03</subfield>
    <subfield code="y">BK</subfield>
    <subfield code="z">062502</subfield>
  </datafield>
</record>
